00566nam a2200145Ia 4500008004100000024006000041082001700101100006000118245003300178260002600211600002100237650003800258856010700296999001700403260210s9999 xx 000 0 und d a15B-020-BS, 15B-031-BS, 15B-041-BS & 15B-034-BS a004.3072 FIN aFinza Mughal, Ebad Akhter, Ebad Nasir & Sarim Qasmi 0aResource Pooling (CODE BOOK) aKarachi:bUITU,c2015 aComputer Science aBachelor of Computer Science (BS) uhttps://drive.google.com/file/d/1ZFfUhAX7I_jjJEPvl_8PschAPC5mPdY-/view?usp=sharingyClick here for PDF c32335d32335